¿Es Posible la democracia en América Latina? Una reflexión en torno a la clase obrera
Wedi'i Gadw mewn:
| Prif Awdur: | |
|---|---|
| Fformat: | Texto |
| Cyhoeddwyd: |
México, D.F.:
El Colegio de México
|
| Pynciau: | |
| Tagiau: |
Ychwanegu Tag
Dim Tagiau, Byddwch y cyntaf i dagio'r cofnod hwn!
|
MARC
| LEADER | 00000 a a2200000 04500 | ||
|---|---|---|---|
| 001 | 15572 | ||
| 003 | |||
| 040 | |||
| 090 | |a 029700 | ||
| 100 | |a Reyna, José Luis | ||
| 245 | |a ¿Es Posible la democracia en América Latina? Una reflexión en torno a la clase obrera | ||
| 260 | |a México, D.F.: |b El Colegio de México | ||
| 300 | |a 30 p. | ||
| 500 | |a Primera versión para comentarios | ||
| 650 | |a DEMOCRACIA | ||
| 650 | |a CLASE OBRERA | ||
| 999 | |c 2984 |d 2984 | ||
